000 01007nac a22003017a 4500
001 BR9801754
003 BR-BrBNA
005 20240105122110.0
008 230509b bl.|||m| |||| 00| 0 por d
040 _aBR-BrBNA
_bpor
_cBiblioteca Nacional de Agricultura
072 _aK10
090 _a2480 BR9801754
100 1 _aMoraes, V.H. de F.
100 1 _aSouza, S.G.A. de
110 1 _aCentro de Pesquisa Agroflorestal da Amazonia, Manaus, AM (Brasil)
_91528
245 1 _aCrescimento retardado de seringueira plantada como toco alto em faixas abertas em capoeira alta, com enxertia de copa no local de plantio
260 3 _aManaus, AM (Brasil):
_c1997.
300 _a4 p.
490 _aComunicado Tecnico - Centro de Pesquisa Agroflorestal da Amazonia (Brazil)
_vno. 7
_x
500 _a5 ref.
650 _aSeringueira
650 _aPlantio
650 _aCapoeira
650 _aEnxerto
650 _aCrescimento
909 _a202312
_bLúcia Elande
_c55
_dLúcia Elande
942 _2AGRIS
_n0
_cMS
999 _c289191
_d289191